000 00921nam0a22002651 4500
001 rc\3966323
005 20250611041208.0
021 _aRU
_b[57-506]
035 _a(NLR Aleph) 008053277
090 _a8955470
_c8955470
100 _a20130415d1956 |||y0rusy50 ca
101 0 _arus
102 _aRU
105 _ay z |||||
200 1 _aРазоружение - важнейшая проблема современной международной политики
_fЦентр. лекционное бюро М-ва культуры Груз. ССР
210 _aТбилиси
_cБ. и.
_d1956
215 _a30 с.
_d20
300 _aПеред загл. авт.: С.С. Мамулия, канд. юрид. наук
606 _xРазоружение
_2psbo
700 1 _aМамулия
_bС.С.
801 0 _aRU
_bNLR
_gpsbo
801 1 _aRU
_bELAR
_2rusmarc
852 _aNLR
_j57-4/476
942 _cBOOK
980 _aNB